A common endeavour (Record no. 117878)

MARC details
000 -LEADER
fixed length control field 00964cam a2200229 4500
001 - CONTROL NUMBER
control field ABS68158
008 - FIXED-LENGTH DATA ELEMENTS--GENERAL INFORMATION
fixed length control field 040820n2004 000 0 eng u
035 ## - SYSTEM CONTROL NUMBER
System control number (Sirsi) u127125
100 ## - MAIN ENTRY--PERSONAL NAME
Personal name Reeves, J.
245 #2 - TITLE STATEMENT
Title A common endeavour
260 ## - PUBLICATION, DISTRIBUTION, ETC.
Date of publication, distribution, etc. 2004
490 ## - SERIES STATEMENT
Series statement Estates Gazette
Volume/sequential designation (0432) 7 August 2004, 60-61(2)
520 ## - SUMMARY, ETC.
Summary, etc. Highlights the differences between the two dominant European legal systems: continental civil law derived from the law of ancient Rome and the common law of England, Wales and Northern Ireland based on custom and the binding nature of precedent. Explains the principles behind each system, style and rules. The European Court of Justice which follows civil law can impose interpretation problems for the English courts.
590 ## - LOCAL NOTE (RLIN)
Local note ABS
590 ## - LOCAL NOTE (RLIN)
Local note ABS
650 ## - SUBJECT ADDED ENTRY--TOPICAL TERM
Topical term or geographic name entry element COMMON LAW
650 ## - SUBJECT ADDED ENTRY--TOPICAL TERM
Topical term or geographic name entry element CIVIL LAW
650 ## - SUBJECT ADDED ENTRY--TOPICAL TERM
Topical term or geographic name entry element CIVIL CODE
650 ## - SUBJECT ADDED ENTRY--TOPICAL TERM
Topical term or geographic name entry element EUROPEAN COURT OF JUSTICE
690 ## - LOCAL SUBJECT ADDED ENTRY--TOPICAL TERM (OCLC, RLIN)
Topical term or geographic name as entry element PROPERTY AND LAND LAW
942 ## - ADDED ENTRY ELEMENTS (KOHA)
Suppress in OPAC 0
Holdings
Withdrawn status Lost status Source of classification or shelving scheme Damaged status Not for loan Home library Current library Shelving location Date acquired Total Checkouts Full call number Barcode Date last seen Copy number Price effective from Koha item type
    Dewey Decimal Classification     London London Journal article 20/08/2004   ABS68158 127125-1001 06/08/2019 1 06/08/2019 Journal article